00284nam a2200121Ia 4500008004100000041000900041082001500050100002400065245001800089260003900107300000800146650000800154230718s9999 xx 000 0 und d aEng. a340bSAC-P aSaced, Malik m (ed) 0aP. L.D (1982) aPakistanbAll Parcistan (falc1982 a838 aLaw